한민족이 역사상 지배했던 모든 현대 국가들 - Statistics

General Stats
  • This quiz has been taken 46 times
  • The average score is 5 of 5
Answers on the Map
Answers color-coded by a green-red scale on the quiz's map according to % correct below.
 
Answer Stats
나라 % Correct
북한
100%
대한민국
97%
중국
95%
러시아
90%
일본
90%
No matching quizzes found
Score Distribution
Percent of People with Each Score
Percentile by Number Answered
Your Score History
You have not taken this quiz